00481cam a2200157 4500001001100000008004100011035001500052050002100067100002600088245008600114260003100200300002100231500001200252504003400264650002500298BFIL010282 1908 spa  aBFIL010282 4aPC4111bG37 19081 aGarzón Ruiz, José 0aEsperanto Gramática del idioma internacional esperanto /cJosé Garzón Ruiz. aBarcelona :bSopena,c1908 a160 p. ;c21 cm. a1 ejem. aIncluye apéndice e índice 4aEspañolxGramatica